Kennisquiz 3 over de Heilige Schrift dus de Bijbel - Statistieken

Algemene statistieken
  • Deze quiz is 20 keer genomen
  • De gemiddelde score is 3 van 18
Antwoordstatistieken
Hint Antwoord % Correct
100%
Welk gewricht werd verwrongen bij Jakob Heup
50%
Hoeveel woorden heeft het Onze Vader 70
29%
Noem de vijf steden van de Filistijnen Gaza
29%
Ruth en Boaz wonen in Betlehem
21%
Naar welke koning wordt deze stad ook genoemd David
21%
Noem de vijf steden van de FilistijnenEkron Ekron
21%
Noem de vijf steden van de Filistijnen Asdod
14%
Noem de vijf steden van de Filistijnen Askelon
14%
Hier worstelt Jakob de gehele nacht Pnïel
7%
Koning Achab bouwt een tempel voor Baäl in Samaria
7%
Abraham bouwt een altaar in Sichem
7%
Op deze twee bergen verdeelt Jozua Israël Ebal
0%
David verstopt zich voor Saul en spaart diens leven Engedi
0%
Noem de vijf steden van de Filistijnen Gath
0%
Op deze twee bergen verdeelt Jozua Israël Gerizim
0%
Jona vertrekt vanuit deze haven naar Tarsis om te ontkomen aan zijn zending naar Ninevé Jafo
0%
In de tijd van de richteren is dit Israëls hoofdstad en de verblijfplaats van de tabernakel Silo
0%
Geen overeenkomende quizzen gevonden
Scoreverdeling
Procent van Mensen met Elke Score
Percentiel versus Aantal Correcte Antwoorden
Uw Scoregeschiedenis
U heeft deze quiz nog niet genomen